00302nam a2200121Ia 4500003000400000005001700004008004100021020001900062040002000081100002200101245003500123260002200158OSt20240301104411.0170524s9999 xx 000 0 und d a978-9356847439 cIIMT UNIVERSITY aRAJENDRA- AWASTHI 0aVISHV KA SHRESTHA LOK KATHAYEN bPRAKASHAN- VIBHAG